« Retourner aux résultats de recherche
Sous un ciel d'azur
| Auteur principal: | KÅohei Horikoshi |
|---|---|
| D'autres auteurs: | David Le Quéré |
| Support: | Livres |
| Langue: | Francais |
| Publié: |
DL 2020 Ki-oon Paris |
| Series: |
My hero academia |
| Genre: |
Bande Dessinée enfant ado |
| Collection: |
My hero academia |
| Sujets: | |
| Étiquettes: |
Ajouter
Pas de Tags !
|
| LEADER | 01310nam0a2200229 450 | ||
|---|---|---|---|
| 001 | 16835550 | ||
| 010 | |a 979-10-327-0677-0 |b br. |d 6,6 | ||
| 100 | |a 20201109d2026 u u0frey01 ba | ||
| 101 | 1 | |a fre |c jpn | |
| 102 | |a FR | ||
| 200 | 0 | |a Sous un ciel d'azur |f Kohei Horikoshi |g [traduction, David Le Quéré] | |
| 207 | 1 | |a | |
| 210 | |a Paris |c Ki-oon |d DL 2020 | ||
| 215 | |a 1 vol. (non paginé [ca 190] p.) |c ill. |d 18 cm | ||
| 225 | 1 | |a My hero academia |v vol. | |
| 330 | |a 'Episode 26 : A la suite de son affrontement avec Re-Destro, Tomura a vu son alter s'éveiller pour de bon... Plus fort que jamais, le voilà à la tête de la ligue de libération des super-pouvoirs ! En effet, afin de vaincre leur ennemi commun, l'Alliance et le Front de libération ont décidé de joindre leurs forces... La nouvelle génération de héros parviendra-t-elle à contrecarrer cette terrible menace ? C'est avec cet objectif que Deku, Shoto et Katsuki commencent leur entraînement sous l'égide d'Endeavor !' (source : 4e de couv.) | ||
| 461 | 0 | |t My hero academia |v 26 | |
| 700 | 0 | |a Horikoshi |b KÅohei |f 1986-.... |4 70 | |
| 701 | 0 | |a Le Quéré |b David |4 730 | |
| 900 | |a Bande Dessinée enfant ado | ||
| 901 | |a Accessible au prêt | ||
| 995 | |a Bibliothèque |c Bibliothèque |f 024021119 |h 024021119 |k BD HOR |o p |q j |r az |e Bibliothèque | ||
